Quiz Cultura Generale - Quiz n°78 - Statistics

Statistiche generali
  • Questo quiz è stato fatto 139 volte
  • Il punteggio medio è 9 su 15
Statistiche sulle risposte
Domanda Risposta % Corretto
Quali di questi animali è un mammifero? Delfino
96%
Come si definisce in grammatica la parola "casa"? Nome comune
96%
Quale disciplina olimpica è stata praticata da Federica Pellegrini? Nuoto
96%
Quale di questi stati è una Monarchia parlamentare? Danimarca
85%
Cosa sta facendo il cacciator nella poesia "San Martino" di Giosuè Carducci? Fischiando
77%
Quali di questi numeri decimali corrisponde al valore della frazione 3/8? 0,375
65%
A quale città italiana corrisponde l'antica "Augusta Praetoria Salassorum"? Aosta
58%
Quale di queste figure storiche italiane è vissuta nel XVI secolo? Michelangelo Buonarroti
54%
Quale città giapponese fu bombardata il 6 agosto 1945? Hiroshima
46%
Qual è il nome dell'attore e comico italiano Pozzetto? Renato
46%
Chi ha vinto la Scarpa d'Oro nel 2021? Robert Lewandowski
46%
Di quale squadra di calcio è tifoso il presentatore Paolo Bonolis? Inter
42%
Chi è stato il secondo Presidente della Repubblica Italiana? Luigi Einaudi
38%
In quale anno scoppiarono i primi moti carbonari in Italia? 1820
23%
Quale stato è il maggior produttore di patate del mondo? Cina
15%
Nessun quiz corrispondente trovato
Distribuzione punteggi
Percentuale di utenti per punteggio
Percentile per numero di risposta
I tuoi punteggi nel tempo
Non hai fatto questo quiz